BIBLIOTECA

SENCICO

Los valores en la convivencia humana / (Registro nro. 139)

Detalles MARC
000 -LEADER
fixed length control field 00983nam a2200253Ia 4500
003 - CONTROL NUMBER IDENTIFIER
control field PE SENCICO BE
005 - DATE AND TIME OF LATEST TRANSACTION
control field 20251020182427.0
008 - FIXED-LENGTH DATA ELEMENTS--GENERAL INFORMATION
fixed length control field 200515s9999 xx 000 0 und d
020 ## - INTERNATIONAL STANDARD BOOK NUMBER
International Standard Book Number 84-8055-893-8
040 ## - CATALOGING SOURCE
Original cataloging agency PE SENCICO BE
Transcribing agency PE SENCICO BE
041 ## - LANGUAGE CODE
Language code of text/sound track or separate title spa
082 ## - DEWEY DECIMAL CLASSIFICATION NUMBER
Classification number 177
Item number V
245 10 - TITLE STATEMENT
Title Los valores en la convivencia humana /
Statement of responsibility, etc. Hugo Cobos, Javier Ladino, Milton Luna, ...[y otros]
260 ## - PUBLICATION, DISTRIBUTION, ETC.
Place of publication, distribution, etc. Madrid :
Name of publisher, distributor, etc. Grupo Cultural ;
Date of publication, distribution, etc. 2006
300 ## - PHYSICAL DESCRIPTION
Extent 447 p. :
Other physical details ilustraciones a color, tablas ;
Dimensions 27 cm.
505 0# - FORMATTED CONTENTS NOTE
Formatted contents note Urbanidad en el ámbito público y privado -- Uso de los espacios públicos -- Etiqueta y relacionamiento social -- Solución de conflictos -- Celebraciones internacionales y eventos importantes en la vida
650 10 - SUBJECT ADDED ENTRY--TOPICAL TERM
Topical term or geographic name entry element Valores sociales
9 (RLIN) 2308
650 20 - SUBJECT ADDED ENTRY--TOPICAL TERM
Topical term or geographic name entry element Urbanidad
9 (RLIN) 2309
650 20 - SUBJECT ADDED ENTRY--TOPICAL TERM
Topical term or geographic name entry element Cortesía
9 (RLIN) 2310
700 1# - ADDED ENTRY--PERSONAL NAME
9 (RLIN) 2305
Personal name Cobos, Hugo
Relator term autor
700 1# - ADDED ENTRY--PERSONAL NAME
9 (RLIN) 2306
Personal name Ladino, Javier
Relator term autor
700 1# - ADDED ENTRY--PERSONAL NAME
9 (RLIN) 2307
Personal name Luna, Milton
Relator term autor
942 ## - ADDED ENTRY ELEMENTS (KOHA)
Koha item type Libros
Source of classification or shelving scheme Dewey Decimal Classification
Existencias
Fecha de la última vez que lo usaron Número de ingreso o de inventario Pago total Signatura topográfica completa Código de barras Precio efectivo desde Tipo de documento Estado perdido Sistema de clasificación Estado dañado No es para préstamo Retirado Ubicación permanente Ubicación actual Fecha de adquisición
15/05/2020 14564   177/V BibLima24060037 15/05/2020 Libros   Dewey Decimal Classification       Biblioteca Central Lima Biblioteca Central Lima 15/05/2020